Основы теории и расчета следящих систем: учебное пособие

Библиографические подробности
Главный автор: Васильев Д. В. Дмитрий Васильевич
Другие авторы: Филиппов Г. С. Глеб Сергеевич
Язык:русский
Опубликовано: Москва, Госэнергоиздат, 1959
Предметы:
Формат: Книга
Запись в KOHA:https://koha.lib.tpu.ru/cgi-bin/koha/opac-detail.pl?biblionumber=47882

MARC

LEADER 00000nam0a2200000 4500
001 47882
005 20231031030708.0
035 |a (RuTPU)RU\TPU\book\50068 
090 |a 47882 
100 |a 20030226d1959 m y0rusy50 ca 
101 0 |a rus 
102 |a RU 
105 |a a j 001zy 
200 1 |a Основы теории и расчета следящих систем  |e учебное пособие  |f Д. В. Васильев, Г. С. Филиппов 
210 |a Москва  |a Ленинград  |c Госэнергоиздат  |d 1959 
215 |a 428 с.  |c ил. 
320 |a Библиогр.: с. 427-428 
610 1 |a следящие системы 
610 1 |a теории 
610 1 |a расчеты 
610 1 |a структура 
610 1 |a качество 
610 1 |a показатели 
610 1 |a схемы 
610 1 |a учебные пособия 
675 |a 621.01-503(075.8)  |v 3 
700 1 |a Васильев  |b Д. В.  |g Дмитрий Васильевич 
701 1 |a Филиппов  |b Г. С.  |g Глеб Сергеевич 
801 1 |a RU  |b 63413507  |c 20030226  |g PSBO 
801 2 |a RU  |b 63413507  |c 20230403  |g PSBO 
942 |c BK